| Tag |
First Indicator |
Second Indicator |
Subfields |
| LEADER |
00000cam a2200000 a 4500 |
| 001 |
in00003494580 |
| 005 |
20151206125503.0 |
| 008 |
120706r20122010nyu 001 0 eng |
| 010 |
|
|
|a 2012450214
|
| 020 |
|
|
|a 0061962244 (PAP)
|
| 020 |
|
|
|a 9780061962240 (PAP)
|
| 035 |
|
|
|a (OCoLC)ocn794263106
|
| 040 |
|
|
|a DLC
|c DLC
|d TXA
|d UtOrBLW
|
| 043 |
|
|
|a n-us---
|
| 049 |
|
|
|a TXAM
|
| 050 |
0 |
0 |
|a HV6773.2
|b .C57 2012
|
| 082 |
0 |
0 |
|a 355.3/43
|2 23
|
| 100 |
1 |
|
|a Clarke, Richard A.
|q (Richard Alan),
|d 1951-
|
| 245 |
1 |
0 |
|a Cyber war :
|b the next threat to national security and what to do about it /
|c Richard A. Clarke and Robert K. Knake.
|
| 250 |
|
|
|a 1st Ecco pbk. ed.
|
| 264 |
|
1 |
|a New York :
|b Ecco,
|c 2012.
|
| 300 |
|
|
|a xiv, 306 pages ;
|c 21 cm.
|
| 336 |
|
|
|a text
|b txt
|2 rdacontent
|
| 337 |
|
|
|a unmediated
|b n
|2 rdamedia
|
| 338 |
|
|
|a volume
|b nc
|2 rdacarrier
|
| 500 |
|
|
|a Reprint. Originally published: 2010.
|
| 500 |
|
|
|a Includes index.
|
| 500 |
|
|
|a "With a new appendix on the Stuxnet worm"--Back cover.
|
| 520 |
|
|
|a Exposes America's burgeoning new cyber warfare capability and its vulnerabilities and documents the first skirmishes that have taken place in cyberspace.
|
| 505 |
0 |
|
|a Trial runs -- Cyber warriors -- The battlespace -- The defense fails -- Toward a defensive strategy -- How offensive? -- Cyber peace -- The agenda.
|
| 650 |
|
0 |
|a Cyberspace operations (Military science)
|z United States.
|
| 650 |
|
0 |
|a Cyberterrorism
|z United States.
|
| 650 |
|
0 |
|a Information warfare
|z United States.
|
| 650 |
|
0 |
|a Cyberterrorism
|z United States
|x Prevention.
|
| 650 |
|
0 |
|a Information warfare
|z United States
|x Prevention.
|
| 700 |
1 |
|
|a Knake, Robert K.
|
| 948 |
|
|
|a cataloged
|b h
|c 2015/1/26
|d c
|e dmitchel
|f 8:20:10 am
|
| 994 |
|
|
|a C0
|b TXA
|
| 999 |
|
|
|a MARS
|
| 999 |
f |
f |
|s 7b5e0b99-c0fe-3481-9612-a6618e97bd1e
|i 1b102ceb-3890-38d6-a7bf-80d6ce74aeaf
|t 0
|
| 952 |
f |
f |
|p normal
|a Texas A&M University
|b College Station
|c Sterling C. Evans Library
|d Evans: Library Stacks
|t 0
|e HV6773.2 .C57 2012
|h Library of Congress classification
|i unmediated -- volume
|m A14850471930
|
| 998 |
f |
f |
|a HV6773.2 .C57 2012
|t 0
|l Evans: Library Stacks
|